[Event "GMA-Open"]
[Site "Belgrade"]
[Date "1988.??.??"]
[Round "?"]
[White "Van der Wiel, John TH"]
[Black "Mikhalchishin, Adrian"]
[Result "1/2-1/2"]
[WhiteElo "2540"]
[BlackElo "2480"]
[PlyCount "45"]
[EventDate "1988.12.??"]
[Source "ChessBase"]

1. e4 e5 2. Nf3 Nc6 3. Bb5 a6 4. Ba4 Nf6 5. O-O Be7 6. Re1 b5 7. Bb3 d6 8. c3 O-O 9. h3 Be6 10. d4 Bxb3 11. axb3 exd4 12. cxd4 d5 13. e5 Ne4 14. Nc3 f5 15. exf6 Bxf6 16. Nxe4 dxe4 17. Rxe4 Qd5 18. Rg4 Ne7 19. Qc2 Nf5 20. Qe4 Rad8 21. Rxa6 Qxe4 22. Rxe4 Nxd4 23. Nxd4 1/2-1/2

[Event "Lloyds Bank Open"]
[Site "London ENG"]
[Date "1987.??.??"]
[Round "6"]
[White "Rogers, Ian"]
[Black "Flear, Glenn C"]
[Result "1/2-1/2"]
[WhiteElo "2525"]
[BlackElo "2495"]
[PlyCount "117"]
[EventDate "1987.??.??"]
[Source "www.chesslib.no"]
[SourceDate "2004.05.04"]

1. e4 e5 2. Nf3 Nc6 3. Bb5 a6 4. Ba4 Nf6 5. O-O Be7 6. Re1 b5 7. Bb3 O-O 8. c3 d6 9. h3 Be6 10. d4 Bxb3 11. Qxb3 Qd7 12. Bg5 h6 13. Bxf6 Bxf6 14. d5 Ne7 15. Na3 c6 16. dxc6 Qxc6 17. Rad1 Rfd8 18. Nc2 a5 19. Ne3 Qxe4 20. Qxb5 Qg6 21. Nd5 Rdb8 22. Qe2 Nxd5 23. Rxd5 e4 24. Nd4 Bxd4 25. Rxd4 f5 26. b3 Re8 27. Qb5 Re6 28. Qc6 Rae8 29. Red1 f4 30. Rxd6 Kh7 31. Rxe6 Rxe6 32. Qc7 Rf6 33. Qd7 h5 34. Qd2 h4 35. Qd7 Re6 36. Rd5 e3 37. fxe3 fxe3 38. Rd1 e2 39. Re1 Qg3 40. Qd2 Qe5 41. Qd3+ g6 42. Qd7+ Kh6 43. Qd4 Qg3 44. Qd2+ g5 45. b4 axb4 46. cxb4 Qb8 47. Qd4 Qg3 48. Qf2 Qd3 49. a4 Kg6 50. b5 Qc4 51. Kh2 Qxa4 52. Rxe2 Rf6 53. Qe3 Qxb5 54. Qe4+ Kh6 55. Qe7 Qb8+ 56. Re5 Qd6 57. Qe8 Rf5 58. Qh8+ Kg6 59. Qg8+ 1/2-1/2

[Event "Novi Sad ol (Men)"]
[Site "Novi Sad YUG"]
[Date "1990.??.??"]
[Round "2"]
[White "Ljubojevic, Ljubomir"]
[Black "Wong Meng-Kong"]
[Result "1-0"]
[WhiteElo "2625"]
[BlackElo "2385"]
[PlyCount "117"]
[EventDate "1990.11.??"]
[Source "www.chesslib.no"]
[SourceDate "2004.05.04"]

1. e4 e5 2. Nf3 Nc6 3. Bb5 a6 4. Ba4 Nf6 5. O-O Be7 6. Re1 b5 7. Bb3 d6 8. c3 O-O 9. h3 Be6 10. d4 Bxb3 11. Qxb3 Na5 12. Qc2 Nd7 13. Rd1 Qc8 14. Nbd2 c5 15. dxc5 dxc5 16. Nf1 Re8 17. Ne3 Bf8 18. Nh2 Nf6 19. Nhg4 Qe6 20. Nxf6+ Qxf6 21. Nd5 Qc6 22. b3 c4 23. b4 Nb7 24. a4 Nd6 25. Be3 bxa4 26. Bb6 Rec8 27. f3 Rab8 28. Ba5 Rb5 29. Rxa4 f5 30. Kh1 h6 31. Ra2 fxe4 32. fxe4 Nb7 33. Qe2 Nxa5 34. bxa5 Rd8 35. Qg4 Kh8 36. Rf2 Rb7 37. Rdf1 Bc5 38. Rf7 Rg8 39. Kh2 Rxf7 40. Rxf7 Qb5 41. Rc7 Bd6 42. Rc8 Rxc8 43. Qxc8+ Kh7 44. Qf5+ Kh8 45. Qe6 Bc5 46. Qc8+ Kh7 47. Qc7 Kh8 48. h4 Bf8 49. Qc8 Kg8 50. h5 Qxa5 51. Ne7+ Kf7 52. Ng6 Qc5 53. Qxa6 Bd6 54. Qa8 Be7 55. Nh8+ Ke6 56. Qg8+ Kd7 57. Qxg7 Kc8 58. Qxh6 Qf2 59. Qe6+ 1-0

[Event "Rishon Le Ziyyon YM"]
[Site "Rishon Le Ziyyon"]
[Date "1995.??.??"]
[Round "1"]
[White "Shmuter, Leonid"]
[Black "Davies, Nigel R"]
[Result "1-0"]
[WhiteElo "2480"]
[BlackElo "2530"]
[PlyCount "65"]
[EventDate "1995.02.??"]
[Source "ChessBase"]

1. e4 e5 2. Nf3 Nc6 3. Bb5 a6 4. Ba4 Nf6 5. O-O Be7 6. Re1 b5 7. Bb3 d6 8. c3 O-O 9. h3 Be6 10. d4 Bxb3 11. axb3 exd4 12. cxd4 Nb4 13. d5 c5 14. dxc6 d5 15. e5 Ne4 16. Nc3 Nxc3 17. bxc3 Nxc6 18. Qd3 Re8 19. e6 fxe6 20. Rxe6 Qd7 21. Re2 b4 22. Bb2 bxc3 23. Bxc3 a5 24. Ne5 Nxe5 25. Rxe5 d4 26. Bxd4 Bb4 27. Rg5 g6 28. Rxg6+ hxg6 29. Qxg6+ Kf8 30. Qh6+ Kg8 31. Qh8+ Kf7 32. Qg7+ Ke6 33. Qg4+ 1-0

[Event "Dieren Open"]
[Site "Dieren NED"]
[Date "1987.??.??"]
[Round "7"]
[White "Rodriguez Cespedes, Amador"]
[Black "Cifuentes Parada, Roberto"]
[Result "1/2-1/2"]
[WhiteElo "2515"]
[BlackElo "2490"]
[PlyCount "37"]
[EventDate "1987.07.??"]
[Source "www.chesslib.no"]
[SourceDate "2004.05.04"]

1. e4 e5 2. Nf3 Nc6 3. Bb5 a6 4. Ba4 Nf6 5. O-O Be7 6. Re1 b5 7. Bb3 d6 8. c3 O-O 9. h3 Be6 10. d4 Bxb3 11. Qxb3 Qd7 12. Nbd2 Rfe8 13. a4 Rab8 14. axb5 axb5 15. Nf1 h6 16. Ng3 Bf8 17. Bd2 g6 18. Ra6 Bg7 19. Qc2 1/2-1/2

[Event "Rishon Le Ziyyon"]
[Site "Rishon Le Ziyyon"]
[Date "1994.??.??"]
[Round "9"]
[White "Gofshtein, Leonid D"]
[Black "Davies, Nigel R"]
[Result "0-1"]
[WhiteElo "2495"]
[BlackElo "2510"]
[PlyCount "131"]
[EventDate "1994.11.??"]
[Source "ChessBase"]

1. e4 e5 2. Nf3 Nc6 3. Bb5 a6 4. Ba4 Nf6 5. O-O Be7 6. Re1 b5 7. Bb3 d6 8. c3 O-O 9. h3 Be6 10. d4 Bxb3 11. axb3 exd4 12. cxd4 Nb4 13. d5 c5 14. dxc6 d5 15. e5 Ne4 16. Nc3 Nxc3 17. bxc3 Nxc6 18. Qd3 Re8 19. e6 fxe6 20. Rxe6 Qd7 21. Re2 b4 22. c4 Bf6 23. Raa2 d4 24. Bg5 a5 25. Bxf6 gxf6 26. Nh4 Ne5 27. Qg3+ Kh8 28. Qf4 d3 29. Re4 Qc6 30. Rd4 Rg8 31. Kh2 a4 32. bxa4 Rad8 33. Rd5 Rde8 34. Rd2 b3 35. Nf3 Nxc4 36. R2xd3 b2 37. Rb5 Ne5 38. Rdb3 Rxg2+ 39. Kxg2 Rg8+ 40. Kh2 b1=Q 41. Rxb1 Nxf3+ 42. Kh1 Nd4+ 43. f3 Ne2 44. Rb6 Qxb6 45. Rxb6 Nxf4 46. Rxf6 Nh5 47. Rb6 Rc8 48. a5 Rc2 49. a6 Ra2 50. Kg1 Ng3 51. Rd6 Kg7 52. Rb6 h6 53. h4 Nf5 54. h5 Nd4 55. Rg6+ Kh7 56. Rf6 Kg7 57. Rg6+ Kh7 58. Rf6 Ne2+ 59. Kf1 Ng3+ 60. Ke1 Nxh5 61. Rd6 Ng3 62. Rd7+ Kg6 63. a7 Nf5 64. f4 h5 65. Rb7 h4 66. Rb2 0-1

[Event "Biel MTO Open"]
[Site "?"]
[Date "1998.??.??"]
[Round "3"]
[White "Pavlovic Milos"]
[Black "Cherniaev Alexander1"]
[Result "1/2-1/2"]
[WhiteElo "2535"]
[BlackElo "2465"]
[PlyCount "52"]
[EventDate "1998.??.??"]
[Source "www.chesslib.no"]
[SourceDate "2004.05.04"]

1. e4 e5 2. Nf3 Nc6 3. Bb5 a6 4. Ba4 Nf6 5. O-O Be7 6. Re1 b5 7. Bb3 O-O 8. h3 d6 9. c3 Be6 10. d4 Bxb3 11. Qxb3 Qb8 12. Nbd2 Qb6 13. d5 Na5 14. Qc2 c6 15. dxc6 Qxc6 16. Nf1 h6 17. N3h2 Rfe8 18. Ng4 Nxg4 19. hxg4 d5 20. exd5 Qxd5 21. Ne3 Qc6 22. Bd2 Rac8 23. b3 Bg5 24. Nf5 Bxd2 25. Qxd2 Nb7 26. Rac1 Rcd8 1/2-1/2

[Event "Thessaloniki (ol)"]
[Site "?"]
[Date "1988.??.??"]
[Round "?"]
[White "van der Wiel, J."]
[Black "Motwani, P."]
[Result "1/2-1/2"]
[WhiteElo "2540"]
[BlackElo "2455"]
[PlyCount "47"]
[EventDate "1988.??.??"]
[Source "ChessBase"]
[SourceDate "1988.07.01"]

1. e4 e5 2. Nf3 Nc6 3. Bb5 a6 4. Ba4 Nf6 5. O-O Be7 6. Re1 b5 7. Bb3 O-O 8. c3 d6 9. h3 Be6 10. d4 Bxb3 11. axb3 exd4 12. cxd4 d5 13. e5 Nd7 14. Be3 Nb4 15. Qd2 Re8 16. Nc3 c5 17. dxc5 Nxc5 18. Bxc5 Bxc5 19. Na2 Qe7 20. Rec1 Nxa2 21. Rxa2 Rec8 22. Raa1 Qe6 23. Rc2 Rc7 24. Rac1 1/2-1/2

[Event "Hoogovens-B"]
[Site "Wijk aan Zee"]
[Date "1992.??.??"]
[Round "10"]
[White "Nijboer, Friso"]
[Black "Cifuentes Parada, Roberto"]
[Result "1/2-1/2"]
[WhiteElo "2455"]
[BlackElo "2540"]
[PlyCount "97"]
[EventDate "1992.01.??"]
[Source "ChessBase"]

1. e4 e5 2. Nf3 Nc6 3. Bb5 a6 4. Ba4 Nf6 5. O-O Be7 6. Re1 b5 7. Bb3 d6 8. c3 O-O 9. h3 Be6 10. d4 Bxb3 11. Qxb3 d5 12. exd5 Na5 13. Qc2 exd4 14. cxd4 Nxd5 15. Nc3 c6 16. Ne4 Rc8 17. b3 Nb7 18. Bb2 Nb4 19. Qd2 c5 20. a3 Nd5 21. dxc5 Nxc5 22. Nxc5 Rxc5 23. Rad1 Nf6 24. Qe2 Rd5 25. Rxd5 Nxd5 26. Rd1 Nf4 27. Qe1 Qe8 28. Qe4 Ne6 29. Qb7 a5 30. Qa7 a4 31. b4 Ng5 32. Re1 Ne6 33. Qb7 h6 34. Ba1 Bd6 35. Kf1 Qb8 36. Qxb8 Bxb8 37. Be5 Ba7 38. Rc1 Rd8 39. Rc3 f6 40. Rc6 Ng5 41. Nxg5 hxg5 42. Bd6 Bd4 43. Bc5 Bb2 44. Rb6 Bxa3 45. Rxb5 Ra8 46. Bd4 Rd8 47. Bc5 Ra8 48. Bd4 Rd8 49. Bc5 1/2-1/2

[Event "New York WFW"]
[Site "New York"]
[Date "1990.??.??"]
[Round "?"]
[White "Wolff, Patrick G"]
[Black "Averbakh, Yuri L"]
[Result "1-0"]
[WhiteElo "2540"]
[BlackElo "2450"]
[PlyCount "72"]
[EventDate "1990.09.??"]
[Source "ChessBase"]

1. e4 e5 2. Nf3 Nc6 3. Bb5 a6 4. Ba4 Nf6 5. O-O Be7 6. Re1 b5 7. Bb3 d6 8. c3 O-O 9. h3 Be6 10. Bxe6 fxe6 11. d4 Qd7 12. Nbd2 Rad8 13. a4 Rb8 14. Nb3 exd4 15. axb5 Rxb5 16. Nbxd4 Nxd4 17. Nxd4 Rb6 18. Qe2 c5 19. Nf3 Qb5 20. e5 Qxe2 21. Rxe2 dxe5 22. Nxe5 Rd8 23. Bg5 Rbd6 24. Nc4 Rd1+ 25. Re1 Rxe1+ 26. Rxe1 Kf7 27. Ra1 Ra8 28. Kf1 Nd7 29. Bf4 Bd8 30. Rd1 Ra7 31. Rd6 a5 32. Ke2 a4 33. Rc6 Kf6 34. Kd3 g5 35. Bc1 Be7 36. Be3 h5 1-0

[Event "Havana-B"]
[Site "Havana CUB"]
[Date "1986.??.??"]
[Round "?"]
[White "Spraggett, Kevin B"]
[Black "Fernandez Garcia, Jose L"]
[Result "1/2-1/2"]
[WhiteElo "2535"]
[BlackElo "2455"]
[PlyCount "63"]
[EventDate "1986.02.??"]
[Source "www.chesslib.no"]
[SourceDate "2004.05.04"]

1. e4 e5 2. Nf3 Nc6 3. Bb5 a6 4. Ba4 Nf6 5. O-O Be7 6. Re1 b5 7. Bb3 d6 8. c3 O-O 9. h3 Be6 10. d4 Bxb3 11. Qxb3 d5 12. exd5 Na5 13. Qc2 exd4 14. Nxd4 Re8 15. Bg5 Nxd5 16. Bxe7 Nxe7 17. Nd2 c5 18. N4f3 Ng6 19. a4 Nb7 20. Rxe8+ Qxe8 21. axb5 axb5 22. Rxa8 Qxa8 23. Qd3 Qe8 24. Qd5 Qc8 25. Ne5 Nxe5 26. Qxe5 h6 27. Qd5 Qd8 28. Qxb7 Qxd2 29. Qb8+ Kh7 30. Qxb5 Qc1+ 31. Qf1 Qxb2 32. Qc4 1/2-1/2

[Event "It Open"]
[Site "Chalkidiki"]
[Date "1991.??.??"]
[Round "?"]
[White "Kotronias, Vasilios"]
[Black "Conquest, Stuart"]
[Result "1/2-1/2"]
[WhiteElo "2520"]
[BlackElo "2460"]
[PlyCount "107"]
[EventDate "1991.??.??"]
[Source "www.chesslib.no"]
[SourceDate "2004.05.04"]

1. e4 e5 2. Nf3 Nc6 3. Bb5 a6 4. Ba4 Nf6 5. O-O Be7 6. Re1 b5 7. Bb3 d6 8. c3 O-O 9. h3 Be6 10. d4 Bxb3 11. axb3 exd4 12. cxd4 Nb4 13. d5 c5 14. dxc6 d5 15. e5 Ne4 16. Nd4 Bc5 17. Be3 Rc8 18. Nc3 Bxd4 19. Bxd4 Rxc6 20. Nxe4 dxe4 21. Bc3 Qxd1 22. Raxd1 Na2 23. Rd6 Rxd6 24. exd6 Nxc3 25. bxc3 f5 26. Ra1 Ra8 27. Ra5 Kf7 28. c4 bxc4 29. bxc4 Ke6 30. c5 f4 31. h4 g6 32. Kf1 h6 33. Ke2 g5 34. h5 Rc8 35. g3 Kd7 36. g4 Ke6 37. Kd2 Kd5 38. Kc3 Rd8 39. Kd2 Kc4 40. Ke2 Kd5 41. Rxa6 Kxc5 42. d7 Rxd7 43. Rxh6 Ra7 44. Rg6 Ra2+ 45. Kf1 Ra1+ 46. Kg2 f3+ 47. Kg3 Rg1+ 48. Kh2 Rxg4 49. h6 Kd4 50. h7 Rh4+ 51. Kg3 Rxh7 52. Rxg5 Kd3 53. Ra5 Rc7 54. Kf4 1/2-1/2

[Event "Cappelle"]
[Site "Cappelle la Grande"]
[Date "1994.??.??"]
[Round "5"]
[White "Lanka, Zigurds"]
[Black "Lane, Gary W"]
[Result "1-0"]
[WhiteElo "2540"]
[BlackElo "2440"]
[PlyCount "71"]
[EventDate "1994.07.??"]
[Source "ChessBase"]

1. e4 e5 2. Nf3 Nc6 3. Bb5 a6 4. Ba4 Nf6 5. O-O Be7 6. Re1 b5 7. Bb3 d6 8. c3 O-O 9. h3 Be6 10. d4 Bxb3 11. axb3 exd4 12. cxd4 Nb4 13. d5 c5 14. dxc6 Nxc6 15. Nc3 Re8 16. Bf4 Bf8 17. Nd4 Nb4 18. Qf3 Nd7 19. Rad1 Qf6 20. Nf5 Ne5 21. Qg3 Qg6 22. Re3 Re6 23. Qh4 f6 24. Rg3 Qe8 25. Nd4 Ng6 26. Qg4 Nxf4 27. Qxf4 Re5 28. Qxf6 Ra7 29. Qf3 d5 30. Rg4 Rf7 31. Qe2 h5 32. Rh4 dxe4 33. Rxe4 Rxe4 34. Nxe4 Qe5 35. Nf3 Qe6 36. Nfg5 1-0

[Event "Beograd"]
[Site "?"]
[Date "1988.??.??"]
[Round "?"]
[White "Todorovic, G.M."]
[Black "Smagin, S."]
[Result "0-1"]
[WhiteElo "2425"]
[BlackElo "2550"]
[PlyCount "116"]
[EventDate "1988.??.??"]
[Source "ChessBase"]
[SourceDate "1988.07.01"]

1. e4 e5 2. Nf3 Nc6 3. Bb5 a6 4. Ba4 Nf6 5. O-O Be7 6. Re1 b5 7. Bb3 d6 8. c3 O-O 9. h3 Be6 10. d4 Bxb3 11. axb3 Re8 12. d5 Nb8 13. c4 c6 14. dxc6 Nxc6 15. Nc3 Qb6 16. Bg5 Nb4 17. Qd2 bxc4 18. bxc4 Nd7 19. Red1 Bf8 20. Nd5 Nxd5 21. Qxd5 Rec8 22. Be3 Qb3 23. Nd2 Qb8 24. b3 Be7 25. Ra2 Bd8 26. Rda1 a5 27. b4 Nf6 28. Qd3 d5 29. exd5 Qxb4 30. Rb1 Qd6 31. Ne4 Nxe4 32. Qxe4 f5 33. c5 fxe4 34. cxd6 Rcb8 35. Rc1 Kf7 36. Rc4 Ra6 37. Rc6 Rba8 38. Ra4 Ke8 39. Bc1 Kd7 40. Rxa6 Rxa6 41. Ba3 Rb6 42. Rxe4 Rb3 43. Re3 Rxe3 44. fxe3 e4 45. Kf2 Bf6 46. Kg3 Be5+ 47. Kg4 g6 48. h4 a4 49. h5 Bxd6 50. Bc1 Ke7 51. Kg5 Kf7 52. g4 a3 53. Kh6 a2 54. Bb2 gxh5 55. g5 Kg8 56. Kxh5 Bf8 57. d6 Bxd6 58. g6 Bf8 0-1

[Event "URS-ch48 sf Dnepropetrovsk"]
[Site "Dnepropetrovsk"]
[Date "1980.??.??"]
[Round "?"]
[White "Vitolins, Alvis"]
[Black "Vasiukov, Evgeni A"]
[Result "0-1"]
[WhiteElo "2430"]
[BlackElo "2545"]
[PlyCount "102"]
[EventDate "1980.??.??"]
[Source "www.chesslib.no"]
[SourceDate "2004.05.04"]

1. e4 e5 2. Nf3 Nc6 3. Bb5 a6 4. Ba4 Nf6 5. O-O Be7 6. Re1 b5 7. Bb3 O-O 8. c3 d6 9. h3 Be6 10. d4 Bxb3 11. axb3 Qc8 12. d5 Nb8 13. Na3 Nbd7 14. Bg5 c6 15. dxc6 Qxc6 16. Nc2 Rfc8 17. b4 Nb6 18. Qd3 Nc4 19. Rab1 Ra7 20. Bxf6 Bxf6 21. Nd2 Nb6 22. Nb3 Rd7 23. Ne3 d5 24. exd5 Nxd5 25. Nc5 Rdd8 26. Nxd5 Rxd5 27. Qf3 a5 28. Ne4 axb4 29. Nxf6+ gxf6 30. cxb4 Rd4 31. Qh5 Qc2 32. Rbd1 Rcd8 33. Rc1 Qg6 34. Qe2 Rxb4 35. Rc3 Qh6 36. Rec1 Qd2 37. Qh5 Rxb2 38. Rg3+ Kf8 39. Rf1 Rd3 40. Rxd3 Qxd3 41. Qh6+ Ke7 42. Qc1 Rc2 43. Qe1 Qd4 44. Qb1 Qc4 45. Qa1 b4 46. Re1 Qc5 47. Rf1 b3 48. Qa8 b2 49. Rd1 Rd2 50. Rxd2 b1=Q+ 51. Kh2 Qbb6 0-1

[Event "Zenica"]
[Site "Zenica BIH"]
[Date "1986.??.??"]
[Round "7"]
[White "Jansa, Vlastimil"]
[Black "Abramovic, Bosko"]
[Result "1-0"]
[WhiteElo "2485"]
[BlackElo "2490"]
[PlyCount "122"]
[EventDate "1986.04.??"]
[Source "www.chesslib.no"]
[SourceDate "2004.05.04"]

1. e4 e5 2. Nf3 Nc6 3. Bb5 a6 4. Ba4 Nf6 5. O-O Be7 6. Re1 b5 7. Bb3 d6 8. c3 O-O 9. h3 Be6 10. d4 Bxb3 11. axb3 exd4 12. cxd4 d5 13. e5 Ne4 14. Nc3 f6 15. exf6 Nxf6 16. Bf4 Bd6 17. Be5 Nb4 18. Na2 Nxa2 19. Rxa2 Bb4 20. Re2 Ne4 21. Ra1 c5 22. dxc5 Bxc5 23. Bd4 Qd6 24. Rc1 Rad8 25. Bxc5 Nxc5 26. Nd4 Rf6 27. Rec2 Ne4 28. Qg4 Rdf8 29. f3 Rg6 30. Qh4 Qb6 31. Rd1 Ng3 32. Qe7 Nf5 33. Qe5 Nh4 34. Kh1 Qd6 35. Qxd6 Rxd6 36. Rc6 Rfd8 37. Kh2 Ng6 38. Kg3 Ne5 39. Rxd6 Rxd6 40. Kf4 Ng6+ 41. Ke3 Rd7 42. Rc1 Ne7 43. Kf4 Kf7 44. g4 h6 45. h4 Kf6 46. h5 Rb7 47. b4 Rd7 48. Re1 g5+ 49. Ke3 Rd6 50. Rc1 Rd7 51. f4 gxf4+ 52. Kxf4 Rb7 53. Rc2 Kg7 54. Ke5 Ng8 55. Nf5+ Kh7 56. Rc6 Ra7 57. Kxd5 a5 58. bxa5 Rxa5 59. b4 Ra7 60. Kc5 Rf7 61. Kxb5 Nf6 1-0

[Event "JUG Team Ch"]
[Site "Cetinje"]
[Date "1993.??.??"]
[Round "8"]
[White "Popovic, Petar"]
[Black "Lazic, Miroljub"]
[Result "1-0"]
[WhiteElo "2520"]
[BlackElo "2450"]
[PlyCount "57"]
[EventDate "1993.??.??"]
[Source "www.chesslib.no"]
[SourceDate "2004.05.04"]

1. e4 e5 2. Nf3 Nc6 3. Bb5 a6 4. Ba4 Nf6 5. O-O Be7 6. Re1 b5 7. Bb3 d6 8. c3 O-O 9. h3 Be6 10. d4 Bxb3 11. Qxb3 exd4 12. cxd4 Na5 13. Qc2 c5 14. dxc5 dxc5 15. e5 Nd5 16. Rd1 Ra7 17. Nc3 Rd7 18. Ng5 Bxg5 19. Bxg5 Qa8 20. Qf5 Qc6 21. Ne4 Nc4 22. Bf6 Kh8 23. Ng5 Nxf6 24. exf6 Rxd1+ 25. Rxd1 g6 26. Qf4 h6 27. Nxf7+ Kg8 28. Nxh6+ Kh7 29. Ng4 1-0

[Event "YUG-chT"]
[Site "?"]
[Date "1996.??.??"]
[Round "?"]
[White "Dimitrov Vladimir"]
[Black "Radulski Julian"]
[Result "1/2-1/2"]
[WhiteElo "2495"]
[BlackElo "2470"]
[PlyCount "38"]
[EventDate "1996.??.??"]
[Source "www.chesslib.no"]
[SourceDate "2004.05.04"]

1. e4 e5 2. Nf3 Nc6 3. Bb5 a6 4. Ba4 Nf6 5. O-O Be7 6. Re1 b5 7. Bb3 d6 8. c3 O-O 9. h3 Be6 10. d4 Bxb3 11. axb3 exd4 12. cxd4 d5 13. e5 Ne4 14. Nc3 f5 15. exf6 Bxf6 16. Nxe4 dxe4 17. Rxe4 Qd5 18. Rg4 h5 19. Rf4 Nb4 1/2-1/2

[Event "Ch (cat.13)"]
[Site "Moscow RUS"]
[Date "1982.??.??"]
[Round "?"]
[White "Antoshin, Vladimir S"]
[Black "Bronstein, David I"]
[Result "0-1"]
[WhiteElo "2470"]
[BlackElo "2490"]
[PlyCount "80"]
[EventDate "1982.??.??"]
[Source "www.chesslib.no"]
[SourceDate "2004.05.04"]

1. e4 e5 2. Nf3 Nc6 3. Bb5 a6 4. Ba4 Nf6 5. O-O Be7 6. Re1 b5 7. Bb3 d6 8. c3 O-O 9. h3 Be6 10. d4 Bxb3 11. axb3 Qc8 12. Bg5 h6 13. Bh4 Re8 14. d5 Nb8 15. Bxf6 Bxf6 16. Na3 Nd7 17. Nc2 a5 18. b4 a4 19. Na3 Rb8 20. Rc1 Rf8 21. c4 bxc4 22. Rxc4 Bd8 23. Nd2 f5 24. b3 axb3 25. Qxb3 Qb7 26. Qd3 Nf6 27. Rd1 Nh5 28. Nf1 Nf4 29. Qc2 fxe4 30. Qxe4 Rf7 31. Nc2 Bh4 32. Rd2 Rbf8 33. Kh2 Bg5 34. Nce3 Nh5 35. Qg6 Nf4 36. Qc2 Nh5 37. Qg6 Nf4 38. Qc2 Nh5 39. Qg6 Nf4 40. Qc2 Nh5 0-1

[Event "Buenos Aires"]
[Site "Buenos Aires ARG"]
[Date "1988.??.??"]
[Round "?"]
[White "Urday, Henry"]
[Black "Cifuentes Parada, Roberto"]
[Result "1/2-1/2"]
[WhiteElo "2425"]
[BlackElo "2530"]
[PlyCount "138"]
[EventDate "1988.04.??"]
[Source "www.chesslib.no"]
[SourceDate "2004.05.04"]

1. e4 e5 2. Nf3 Nc6 3. Bb5 a6 4. Ba4 Nf6 5. O-O Be7 6. Re1 b5 7. Bb3 d6 8. c3 O-O 9. h3 Be6 10. d4 Bxb3 11. Qxb3 Qd7 12. Nbd2 Rfb8 13. Nf1 a5 14. Ng3 a4 15. Qd1 h6 16. Be3 Bf8 17. Qd3 a3 18. b3 exd4 19. Nxd4 d5 20. Rad1 Ne5 21. Qc2 dxe4 22. Nxe4 Nxe4 23. Qxe4 Re8 24. Qc2 c5 25. Nf5 Qc6 26. Bf4 Ng6 27. Bg3 Rad8 28. Rxe8 Rxe8 29. Ne3 c4 30. b4 Be7 31. Qf5 Bf6 32. Nd5 Be5 33. Bxe5 Nxe5 34. Qe4 Kh8 35. Qf5 f6 36. Nf4 Kg8 37. h4 Kf7 38. h5 Re7 39. Ng6 Re8 40. Nf4 Qc8 41. Qxc8 Rxc8 42. Rd5 Rb8 43. Rd6 Rb7 44. Ra6 Nd3 45. Ne6 Rd7 46. Nd4 Nxb4 47. Rxa3 Nd3 48. Nxb5 Rd5 49. Ra7+ Kg8 50. a4 Nc5 51. Nd4 Ne4 52. Ne6 Nxc3 53. Rxg7+ Kh8 54. Rc7 Nxa4 55. Rxc4 Nb6 56. Rc6 Nd7 57. Nf4 Rd2 58. g3 Kg7 59. Re6 Kf7 60. Re2 Rxe2 61. Nxe2 f5 62. Kg2 Kf6 63. f4 Nc5 64. Kf3 Ne6 65. g4 fxg4+ 66. Kxg4 Nc5 67. Ng3 Nd3 68. Kf3 Ke6 69. Ke3 Nc5 1/2-1/2

[Event "2nd Asean IM"]
[Site "Bangkok"]
[Date "2004.06.14"]
[Round "2"]
[White "Aung Aung"]
[Black "Nay Oo Kyaw Tun"]
[Result "1/2-1/2"]
[WhiteElo "2524"]
[BlackElo "2431"]
[PlyCount "38"]
[EventDate "2004.06.13"]
[Source "Roberto Alvarez"]
[SourceDate "2004.06.28"]

1. e4 e5 2. Nf3 Nc6 3. Bb5 a6 4. Ba4 Nf6 5. O-O Be7 6. Re1 b5 7. Bb3 d6 8. c3 O-O 9. h3 Be6 10. d4 Bxb3 11. Qxb3 d5 12. exd5 Na5 13. Qc2 exd4 14. cxd4 Nxd5 15. Nc3 c6 16. Ne4 Rc8 17. Nc5 Bxc5 18. Qxc5 Nb7 19. Qc2 f6 1/2-1/2

[Event "70th ch-BLR"]
[Site "Minsk"]
[Date "2004.03.08"]
[Round "5"]
[White "Zhigalko, Andrey"]
[Black "Kupreichik, Viktor D"]
[Result "1/2-1/2"]
[WhiteElo "2491"]
[BlackElo "2464"]
[PlyCount "94"]
[EventDate "2004.03.04"]
[Source "Roberto Alvarez"]
[SourceDate "2004.05.03"]

1. e4 e5 2. Nf3 Nc6 3. Bb5 a6 4. Ba4 Nf6 5. O-O Be7 6. Re1 b5 7. Bb3 O-O 8. c3 d6 9. h3 Be6 10. d4 Bxb3 11. axb3 exd4 12. cxd4 Nb4 13. d5 Nd7 14. Bd2 c5 15. dxc6 Nxc6 16. Nc3 Bf6 17. Rb1 Re8 18. Bf4 Nc5 19. Nd5 Rc8 20. b4 Ne6 21. Bxd6 Be7 22. Bxe7 Nxe7 23. Qd2 Nf8 24. Rbd1 Qd6 25. b3 Nxd5 26. exd5 Rxe1+ 27. Nxe1 Nd7 28. Nc2 Qc7 29. Nd4 Qc3 30. Qxc3 Rxc3 31. Ra1 Rd3 32. Nc6 g6 33. Rxa6 Kg7 34. Ra5 Rxd5 35. Na7 Rd1+ 36. Kh2 Rd2 37. f3 Ne5 38. Kg1 Nd3 39. Rxb5 Nf4 40. Rc5 Rxg2+ 41. Kf1 Rb2 42. Rc4 Nd5 43. Rd4 Ne3+ 44. Kg1 Rxb3 45. b5 Nf5 46. Rd5 Rb1+ 47. Kf2 Rb2+ 1/2-1/2

[Event "Lyon Open"]
[Site "Lyon FRA"]
[Date "1993.??.??"]
[Round "3"]
[White "Murey, Jacob I"]
[Black "Sharif, Mershad"]
[Result "1-0"]
[WhiteElo "2530"]
[BlackElo "2420"]
[PlyCount "61"]
[EventDate "1993.04.??"]
[Source "www.chesslib.no"]
[SourceDate "2004.05.04"]

1. e4 e5 2. Nf3 Nc6 3. Bb5 a6 4. Ba4 Nf6 5. O-O Be7 6. Re1 b5 7. Bb3 d6 8. c3 O-O 9. h3 Be6 10. d4 Bxb3 11. axb3 exd4 12. cxd4 d5 13. e5 Ne4 14. Nc3 f5 15. exf6 Bxf6 16. Bf4 Qd7 17. Nxe4 dxe4 18. Rxe4 Rad8 19. Rxa6 Nxd4 20. Nxd4 Bxd4 21. Qc2 Rxf4 22. Rxf4 Be5 23. Qe4 Qd1+ 24. Kh2 Bxf4+ 25. Qxf4 Qxb3 26. Qxc7 Rf8 27. Qe5 Rxf2 28. Rb6 b4 29. Qd4 Rf8 30. Rb7 Rf7 31. Rb8+ 1-0

[Event "Moscow-ch"]
[Site "Moscow"]
[Date "1982.??.??"]
[Round "16"]
[White "Suetin, Alexey S"]
[Black "Vasiukov, Evgeni"]
[Result "1/2-1/2"]
[WhiteElo "2450"]
[BlackElo "2495"]
[PlyCount "76"]
[EventDate "1982.02.??"]
[Source "ChessBase"]

1. e4 e5 2. Nf3 Nc6 3. Bb5 a6 4. Ba4 Nf6 5. O-O Be7 6. Re1 b5 7. Bb3 d6 8. c3 O-O 9. h3 Be6 10. d4 Bxb3 11. axb3 Qc8 12. Bg5 h6 13. Bh4 Re8 14. d5 Nb8 15. Bxf6 Bxf6 16. Na3 Nd7 17. Nc2 a5 18. b4 a4 19. Na3 Rb8 20. Rc1 Rf8 21. c4 bxc4 22. Rxc4 Bd8 23. Nd2 f5 24. b3 axb3 25. Qxb3 Qb7 26. Qd3 Nf6 27. Rd1 Nh5 28. Nf1 Nf4 29. Qc2 fxe4 30. Qxe4 Rf7 31. Nc2 Bh4 32. Rd2 Rbf8 33. Kh2 Bg5 34. Nce3 Nh5 35. Qg6 Nf4 36. Qc2 Nh5 37. Qg6 Nf4 38. Qc2 Nh5 1/2-1/2